000 00850nam a2200253Ia 4500
003 OSt
005 20220923211156.0
006 a|||||r|||| 00| 0
007 ta
008 Pun
020 _a8187762292 (hbk)
_c200
024 _a280,806
037 _b812, 09/03/2014, H.K. Prakashan
_cTextual
040 _aARTS
_cARTS
_bPun
041 _2Pun
_aPun
082 _aO153:g, Q3
100 _aਮਠਾਰੂ, ਸਤਵੰਤ ਕੌਰ
_9159150
245 0 _aਅਧਿਐਨ ਅਧਿਆਪਨ
_b ਪਰਾ ਸਮੀਖਿਆ ਅਧਿਐਨ
260 _aਦਿੱਲੀ
_b ਐੱਚ ਕੇ ਪ੍ਰਕਾFਨ
_c2013
300 _a88ਪੰ
_ccm.
650 _aਪੰਜਾਬੀ ਸਾਹਿਤ
942 _hO153:g, Q3
_cTEXL
_2CC
999 _c296340
_d296340